Guess the Football Club Logo - Africa/CAF - Statistics

General Stats
  • This quiz has been taken 24 times
  • The average score is 8 of 10
Answer Stats
Picture Hint Answer % Correct
Egypt Al-Ahly
100%
Tunisia Esperance de Tunis
96%
South Africa Kaizer Chiefs
91%
South Africa Orlando Pirates
83%
Morocco Wydad AC (Casablanca)
83%
Egypt Pyramids FC
74%
South Africa Mamelodi Sundowns FC
70%
Morocco Raja CA (Casablanca)
65%
Egypt Zamalek
65%
Morocco RS Berkane
39%
No matching quizzes found
Score Distribution
Percent of People with Each Score
Percentile by Number Answered
Your Score History
You have not taken this quiz